Welcome to WEB OPAC of MRSPTU Central Library

Dynamics of structures (Record no. 1037)

MARC details
000 -LEADER
fixed length control field 00360nam a2200145Ia 4500
008 - FIXED-LENGTH DATA ELEMENTS--GENERAL INFORMATION
fixed length control field 230711s9999||||xx |||||||||||||| ||und||
041 ## - LANGUAGE CODE
Language code of text/sound track or separate title ENG
082 ## - DEWEY DECIMAL CLASSIFICATION NUMBER
Classification number 621
Item number CL-D
100 ## - MAIN ENTRY--PERSONAL NAME
Personal name Clough,Ray W
245 #0 - TITLE STATEMENT
Title Dynamics of structures
250 ## - EDITION STATEMENT
Edition statement 1st
260 ## - PUBLICATION, DISTRIBUTION, ETC.
Date of publication, distribution, etc. 1982
Place of publication, distribution, etc. New York
Name of publisher, distributor, etc. Tata McGraw Hill Education Limited
650 ## - SUBJECT ADDED ENTRY--TOPICAL TERM
Topical term or geographic name entry element Civil Engineering
942 ## - ADDED ENTRY ELEMENTS (KOHA)
Koha item type Book
Holdings
Withdrawn status Lost status Damaged status Not for loan Collection Home library Current library Date acquired Total checkouts Full call number Barcode Date last seen Price effective from Koha item type Date last checked out
          MRSPTU Central Library MRSPTU Central Library     621 CL-D 5196 08/17/2023 08/17/2023 Book  
          MRSPTU Central Library MRSPTU Central Library     621 CL-D 5197 08/17/2023 08/17/2023 Book  
          MRSPTU Central Library MRSPTU Central Library   5 621 CL-D 5198 12/31/2024 08/17/2023 Book 11/25/2024
          MRSPTU Central Library MRSPTU Central Library   2 621 CL-D 5199 12/10/2025 08/17/2023 Book 11/27/2025
          MRSPTU Central Library MRSPTU Central Library     621 CL-D 5200 08/17/2023 08/17/2023 Book  

Website Designed and Developed by MRSPTU Central Library Team

E-mail Id: librarian@mrsptu.ac.in